000 01527nam a2200241Ia 4500
003 Ost
005 20260507075037.0
008 260507s9999||||xx |||||||||||||| ||und||
020 _a9773033708
040 _cfsecg
041 _aara
082 _a330
100 _aالنجار، فريد
_eمؤلف
245 0 _aتسويق الصادرات العربية :
_bآليات تفعيل التسويق الدولي ومناطق التجارة الحرة العربية الكبرى /
_c فريد النجار
260 _aالقاهرة:
_bدار قباء للطباعة والنشر والتوزيع,
_c2002
300 _a391 صفحة؛
_bإيضاحات ؛
_c24 سم
504 _aببلوغرافيا ص.389
520 _aالحروب التجارية والتسويق الدولي-اشكالية التصدير العربي-العولمة وتحديات التصدير-الإطار العام لتسويق الصادرات-التنافسية الدولية وموقف الصادرات-الإدارة الاستراتيجية للتسويق التصديري-اعداد البرامج المتكاملة للتصدير-اتفاقيات التمثيل التجاري وحسم المنازعات التصديرية-بحوث التسويق الدولي والصادرات-تحديد المواصفات النمطية للصادرات-سلوك المستهلك الدولي-تمويل الصادرات
653 _aالتسويق الدولي
653 _aالتصدير
653 _aالعولمة
942 _cكتاب
999 _c42463
_d42463